Central Library and Information Centre
Sibsagar Girls' College, Sivasagar : Assam

A CRITICAL HISTORY OF ENGLISH LITERATURE (Record no. 7886)

MARC details
000 -LEADER
fixed length control field 00488cam a2200193ua 4500
008 - FIXED-LENGTH DATA ELEMENTS--GENERAL INFORMATION
fixed length control field 161024n II |||gr||||Z||||||eng
040 ## - CATALOGING SOURCE
Original cataloging agency MAIN
041 ## - LANGUAGE CODE
-- English
082 ## - DEWEY DECIMAL CLASSIFICATION NUMBER
Classification number 820 DAI
100 ## - MAIN ENTRY--PERSONAL NAME
Personal name DAICHES, DAVID.
245 ## - TITLE STATEMENT
Title A CRITICAL HISTORY OF ENGLISH LITERATURE
250 ## - EDITION STATEMENT
Edition statement 1ST ED REP.
260 ## - PUBLICATION, DISTRIBUTION, ETC.
Place of publication, distribution, etc. LONDON:
Name of publisher, distributor, etc. MANDARIN,
Date of publication, distribution, etc. 1996.
300 ## - PHYSICAL DESCRIPTION
Extent 534:
Dimensions 25CM.
700 ## - ADDED ENTRY--PERSONAL NAME
Personal name DAICHES, DAVID.,
Relator term AUTHOR.
942 ## - ADDED ENTRY ELEMENTS (KOHA)
Koha item type Books
653 ## - INDEX TERM--UNCONTROLLED
Uncontrolled term English.& Old English literatures
Holdings
Withdrawn status Lost status Damaged status Not for loan Collection code Home library Current library Shelving location Date acquired Full call number Barcode Date last seen Copy number Price effective from Koha item type Public note
        TBENG Central Library and Information Centre Sibsagar Girls College Central Library and Information Centre Sibsagar Girls College ENGLISH REFERENCE RACK 23.06.1998 820 DAI 15247 27.02.2020 1 27.02.2020 Books V


Sibsagar Girl's College © 2020. All rights reserved.
Powered by Koha.
Maintained by Abhijit Borpuzari.